Libro del arte de cocina / (Record no. 181641)

MARC details
000 -LEADER
campo de control de longitud fija 00981nam a2200241 i 4500
001 - NÚMERO DE CONTROL
campo de control 181641
003 - IDENTIFICADOR DE NÚMERO DE CONTROL
campo de control ES-MaACL
005 - FECHA Y HORA DE LA ÚLTIMA TRANSACCIÓN
campo de control 20250824085121.0
008 - DATOS DE LONGITUD FIJA--INFORMACIÓN GENERAL
campo de control de longitud fija 130227s1971 sp | |||| ||spa d
080 ## - NÚMERO DE LA CLASIFICACIÓN DECIMAL UNIVERSAL
Número de la Clasificación Decimal Universal 641.55(083.12)"16"
100 1# - ENTRADA PRINCIPAL--NOMBRE DE PERSONA
Nombre de persona Granado, Diego.
9 (RLIN) 152397
245 10 - MENCIÓN DEL TÍTULO
Título Libro del arte de cocina /
Mención de responsabilidad, etc. por Diego Granado (1599) ; lo publica la Sociedad de Bibliófilos Españoles ; con una traducción por Joaquín del Val.
260 ## - PUBLICACIÓN, DISTRIBUCIÓN, ETC.
Lugar de publicación, distribución, etc. Madrid :
Nombre del editor, distribuidor, etc. Sociedad de Bibliófilos Españoles,
Fecha de publicación, distribución, etc. 1971.
300 ## - DESCRIPCIÓN FÍSICA
Extensión XLVII, 432 p., 1 h. ;
Dimensiones 25 cm.
490 1# - MENCIÓN DE SERIE
Mención de serie Sociedad de Bibliófilos Españoles. Tercera época ;
Designación de volumen o secuencia 8
650 #4 - PUNTO DE ACCESO ADICIONAL DE MATERIA--TÉRMINO DE MATERIA
Término de materia o nombre geográfico como elemento de entrada Cocina-
Subdivisión de forma Recetas-
-- Obras anteriores a 1800.
9 (RLIN) 151348
650 #4 - PUNTO DE ACCESO ADICIONAL DE MATERIA--TÉRMINO DE MATERIA
Término de materia o nombre geográfico como elemento de entrada Cocina-
Subdivisión general Recetas-
Subdivisión cronológica S.XVII.
9 (RLIN) 174114
700 1# - ENTRADA AGREGADA--NOMBRE PERSONAL
Nombre de persona Val, Joaquín del.
9 (RLIN) 112422
710 2# - ENTRADA AGREGADA--NOMBRE DE ENTIDAD CORPORATIVA
Nombre de entidad corporativa o nombre de jurisdicción como elemento de entrada Sociedad de Bibliófilos Españoles.
9 (RLIN) 6661
830 10 - PUNTO DE ACCESO ADICIONAL DE SERIE-TÍTULO UNIFORME
Título uniforme Sociedad de Bibliófilos Españoles. Tercera época
Designación de volumen o secuencia 8
9 (RLIN) 191518
852 4# - LOCALIZACIÓN
Ubicación ES-MaACL
Número de control de estantería J-7(III-8)
Holdings
Estatus retirado Estado de pérdida Estado de daño No para préstamo Biblioteca de origen Biblioteca actual Ubicación en estantería Fecha de adquisición Fuente de adquisición Total de préstamos Signatura topográfica completa Código de barras Visto por última vez Precio de reemplazo Tipo de ítem Koha
        Biblioteca del Ateneo de Madrid Biblioteca del Ateneo de Madrid Depósito 2 27/02/2013     J-7(III-8) 1190889 23/02/2023 23/02/2023 Libro impreso